VIII. Türkiye maliye sempozyumu : | . (Record no. 35135)
| 000 -BAŞLIK | |
|---|---|
| Sabit Uzunluktaki Kontrol Alanı | 01079nam a22003257a 4500 |
| 001 - KONTROL NUMARASI | |
| Control Dosyası | 0035229 |
| 003 - KONTROL NUMARASI KİMLİĞİ | |
| Kontrol Alanı | KOHA_MİRAKIL |
| 005 - EN SON İŞLEM TARİHİ ve ZAMANI | |
| Kontrol Alanı | 20260207002937.0 |
| 007 - FİZİKSEL TANIM SABİT ALAN - GENEL BİLGİ | |
| Sabit uzunluklu kontrol alanı | ta |
| 008 - SABİT UZUNLUKTAKİ VERİ ÖGELERİ - GENEL BİLGİ | |
| Sabit Alan | 120207b1994 tu a|||gro|||#1|||0|tur | |
| 020 ## - ISBN - ULUSLARARASI STANDART KİTAP NUMARASI | |
| Isbn | 9757657824 |
| Kullanılabilirlik koşulları | 0,01 |
| 040 ## - KATALOGLAMA KAYNAĞI | |
| Özgün Kataloglama Kurumu | TR-BiSEU |
| Kataloglama Dili | tur |
| Çeviri Kurumu | TR-BiSEU |
| Açıklama Kuralları | rda |
| 041 0# - DİL KODU | |
| Metin ya da ses kaydının dil kodu | tur |
| 044 ## - YAYINLAYAN/ÜRETEN KURULUŞUN ÜLKE KODU | |
| ISO country code | tu |
| 050 ## - SINIFLAMA ve YER NUMARASI | |
| Sınıflama Numarası | HJ191.T8 |
| Yer Numarası | T87 1994 |
| 111 2# - TOPLANTI ADI | |
| Toplantı Adı | Türkiye Maliye Sampozyumu (8. : 1992 : Bursa) |
| 9 (RLIN) | 67435 |
| 245 1# - ESER ADI BİLDİRİMİ | |
| Başlık | VIII. Türkiye maliye sempozyumu : |
| Alt Eseradı vb. | "Türkiye'de vergileme sorunları ve ekonomik istikrar" 12-15 Mayıs 1992, Uludağ |
| 245 1# - ESER ADI BİLDİRİMİ | |
| Başlık | . |
| 264 #1 - ÜRERİM, YAYIN, DAĞITIM ve TELİF BİLDİRİMİ | |
| Yayın yeri | Bursa : |
| Yayınlayan | Uludağ Üniversitesi |
| Yayın tarihi | 1994 |
| 300 ## - FİZİKSEL TANIMLAMA | |
| Sayfa, Cilt vb. | 280 sayfa : |
| Diğer fiziki detaylar | grf. tbl. |
| 336 ## - İÇERİK TÜRÜ | |
| Content type term | metin |
| Content type code | txt |
| Source | rdacontent |
| 337 ## - MEDYA TÜRÜ | |
| Media type term | aracısız |
| Media type code | n |
| Source | rdamedia |
| 338 ## - TAŞIYICI TÜRÜ | |
| Carrier type term | cilt |
| Carrier type code | nc |
| Source | rdacarrier |
| 490 1# - DİZİ BİLDİRİMİ | |
| Dizi Bildirimi | Uludağ Üniversitesi Yayın No ;3-064-0257. |
| 650 #0 - KONU BAŞLIĞI EK GİRİŞ - KONU TERİMİ | |
| Konusal terim veya coğrafi ad | Finance, public--Turkey--Congresses. |
| 9 (RLIN) | 16107 |
| 650 #0 - KONU BAŞLIĞI EK GİRİŞ - KONU TERİMİ | |
| Konusal terim veya coğrafi ad | Finans, kamu--Türkiye--Kongreler. |
| 9 (RLIN) | 16108 |
| 830 1# - SERİ EK GİRİŞİ - TEKBİÇİM ESER ADI | |
| Tekbiçim Başlık | Uludağ Üniversitesi Yayın No ;3-064-0257. |
| 9 (RLIN) | 67436 |
| 907 ## - LOCAL DATA ELEMENT G, LDG (RLIN) | |
| a | Sempozyum |
| 942 ## - EK GİRİŞ ÖGELERİ (KOHA) | |
| Source of classification or shelving scheme | Library of Congress Classification |
| Koha item type | Book |
| Materyal Türü | Kalıcı Konum | Mevcut Konum | Raf Yeri | Sınıflandırma Kaynağı | Edinim Bilgisi | Ana Konular | Alt Konular | Yer Numarası | Demirbaş Numarası | Fatura Tarihi | Geri Çekilme Durumu | Kayıp Durumu | Hasarlı Durumu | Kredi için değil | Kayıt Tarih | Toplam Ödünçverme | Son Görülme Tarihi | Son Kontrol Tarihi | Genel / Bağış Notu |
|---|---|---|---|---|---|---|---|---|---|---|---|---|---|---|---|---|---|---|---|
| Book | Prof. Dr. Azmi Özcan Kütüphanesi | Prof. Dr. Azmi Özcan Kütüphanesi | Uluğbey Salonu | Library of Congress Classification | Bağış | SOSYAL BİLİMLER | Kamu Maliyesi | HJ191.T8 T87 1994 | 0035229 | 02/02/2026 | 07/02/2012 | 05/12/2024 | 05/12/2024 | Genel Bağış |
